000 02101cam a22005294i 4500
003 PE-LiUPU
005 20250731170437.0
008 150625s r 000 0 d
035 _a(Sirsi) a32047
040 _aPE-LiUPU
_bspa
_cPE-LiUPU
_erda
100 1 _aLuypen, W.,
_eautor.
245 1 0 _aFenomenologia del derecho natural.
264 1 _aBuenos Aires :
_bCarlos Lohle,
_c1968.
336 _atext
_2rdacontent
337 _aunmediated
_2rdamedia
338 _avolume
_2rdacarrier
505 0 _aEl dilema que siempre se repite. - Teorias sobre la naturaleza de la conciencia humana del derecho como fuente del orden juridico. - Teorias relativas al origen religiosos de la conciencia humana del derecho y del orden juridico. - La doctrina Tomista de la ley natural. - Ideas fundamnetales de la fenomenologia existencial. - La justicia como forma antropológica de coexistencia. - El derecho natural y el orden juridico.
526 _aSEG68
526 _aSEG70
526 _aSEG69
526 _aSEG67
526 _aSEG43
526 _aP144
526 _aP143
526 _aP131
526 _aP122
526 _aP120
526 _aP117
526 _aP112
526 _aP110
526 _aP106
526 _aP101
526 _aP80
526 _aP59
526 _aP54
526 _aP35
526 _aP33
526 _aP30
942 _2ddc
_cBOOK
949 _a171.2 L59
_wDEWEY
_c1
_i33147
_lCCODEBUL1
_mBUL
_p00.00
_r0
_sY
_tBOOK
_u2015-06-25
_xBIBLIOTECA
_zUNKNOWN
_0COMPRA
_o.STAFF. Colección General
949 _a171.2 L59
_wDEWEY
_c2
_i33146
_lCCODEBUL1
_mBUL
_p00.00
_r0
_sY
_tBOOK
_u2015-06-25
_xBIBLIOTECA
_zUNKNOWN
_0COMPRA
_o.STAFF. Colección General
596 _a1
999 _a171.2 L59
_wDEWEY
_c39663
_i33147
_f2021-11-4
_g5
_lCCODEBUL1
_mBUL
_r0
_sY
_tBOOK
_u2015-6-25
_xBIBLIOTECA
_zUNKNOWN
_0COMPRA
_o.STAFF. Colección General
_d39663
999 _a171.2 L59
_wDEWEY
_c2
_i33146
_f2021-11-4
_g5
_lCCODEBUL1
_mBUL
_r0
_sY
_tBOOK
_u2015-6-25
_xBIBLIOTECA
_zUNKNOWN
_0COMPRA
_o.STAFF. Colección General
980 _81
_gALBERTO SANCHEZ Responsable de Automatización